000 00908nam a2200265Ia 4500
003 OSt
005 20220925223802.0
006 a|||||r|||| 00| 0
007 ta
008 220923b |||||||| |||| 00| 0 eng d
020 _a9780415682206
_c5911.9200000000001
037 _b017/2012-13, 12/07/2012, PIONEER BOOK DISTRIBUTORS
_cGeneral Book
040 _aRTL
_cRTL
_beng
041 _2eng
_aeng
082 _aX62, Q2
100 _aGurbachan Singh
_9290335
245 0 _aBanking crises, liquidity and credit lines
_b A macroeconomics perpective
260 _aLondon
_bRoutledge
_c2012
300 _axviii, 246p
_ccm.
490 _aRoutledge International Studies in Money and Banking
500 _aBibliography: P 236-43
650 _aEconomics
942 _hX62, Q2
_cGB
_2CC
999 _c580383
_d580383